000 00221 a2200097 4500
001 9344
100 _aChurchil, W S
245 _aA history of the english speaking peoples.
260 _a
_bCassel
_c
090 _c7511
_d7511
942 _aNUST-CAE
_cM
_c34169
999 _c244417
_d244417